[Event "EU-ch 25th"]
[Site "Eforie Nord"]
[Date "2025.03.22"]
[Round "7"]
[White "Demirtas, Alper"]
[Black "Secheres, Adrian Simion"]
[Result "1-0"]
[WhiteElo "2207"]
[BlackElo "2340"]
[PlyCount "81"]
[EventDate "2025.03.15"]
[EventType "swiss"]
[EventRounds "11"]
[EventCountry "ROU"]
[SourceTitle "CB13_2025"]
[SourceDate "2025.03.26"]
[SourceVersion "1"]
[SourceVersionDate "2025.03.26"]
[SourceQuality "1"]

1. Nf3 g6 2. c4 Bg7 3. d4 Nf6 4. g3 0-0 5. Bg2 d6 6. 0-0 c6 7. Nc3 Qb6 8. h3 Qa6 9. b3 b5 10. Nd2 Bb7 11. Bb2 Nbd7 12. Qc2 bxc4 13. Nxc4 Rac8 14. Rfd1 d5 15. Ne3 Qa5 16. Qd2 Qd8 17. Rac1 Nb6 18. Ba3 Re8 19. Nc2 Nfd7 20. e4 dxe4 21. Nxe4 Nd5 22. h4 Rc7 23. Nb4 N7b6 24. Nc5 Bc8 25. Bf3 e6 26. Ncd3 Bb7 27. Ne5 Qf6 28. Ned3 h5 29. Nc5 Qf5 30. Be4 Qh3 31. Bg2 Qf5 32. Be4 Qh3 33. Nxb7 Rxb7 34. Rxc6 Rd8 35. Qe2 Rbb8 36. Rc2 Rbc8 37. Nc6 Rd7 38. Rdc1 Re8 39. Ne5 Rdd8 40. Qf3 Bf6 41. Rc7 1-0

[Event "ROM-ch"]
[Site "Craiova"]
[Date "2025.02.20"]
[Round "6"]
[White "Coicev, Matei Andrei"]
[Black "Secheres, Adrian Simion"]
[Result "1/2-1/2"]
[WhiteElo "2286"]
[BlackElo "2350"]
[PlyCount "44"]
[EventDate "2025.02.15"]
[EventType "swiss"]
[EventRounds "9"]
[EventCountry "ROU"]
[SourceTitle "CB09_2025"]
[SourceDate "2025.02.27"]
[SourceVersion "1"]
[SourceVersionDate "2025.02.27"]
[SourceQuality "1"]

1. e4 e5 2. Nf3 Nc6 3. Nc3 Nf6 4. d4 exd4 5. Nxd4 Bb4 6. Nxc6 bxc6 7. Bd3 d5 8. Bd2 Rb8 9. 0-0 0-0 10. Re1 Bg4 11. Qc1 Re8 12. exd5 cxd5 13. Rxe8+ Qxe8 14. Bg5 Bxc3 15. bxc3 Qe5 16. Bxf6 Qxf6 17. Qe3 Qb6 18. Qe7 Be6 19. Re1 Qc6 20. Qa3 Qb6 21. Qe7 Qc6 22. Qa3 Qb6 1/2-1/2

[Event "ROM-ch"]
[Site "Craiova"]
[Date "2025.02.18"]
[Round "4"]
[White "Korcsek, Alexandru David"]
[Black "Secheres, Adrian Simion"]
[Result "1/2-1/2"]
[WhiteElo "2127"]
[BlackElo "2350"]
[PlyCount "62"]
[EventDate "2025.02.15"]
[EventType "swiss"]
[EventRounds "9"]
[EventCountry "ROU"]
[SourceTitle "CB09_2025"]
[SourceDate "2025.02.27"]
[SourceVersion "1"]
[SourceVersionDate "2025.02.27"]
[SourceQuality "1"]

1. e4 e5 2. Bc4 Nf6 3. d3 Nc6 4. Nc3 Na5 5. Bb3 c6 6. Nf3 Nxb3 7. axb3 d6 8. h3 Be7 9. 0-0 0-0 10. Qe2 Nd7 11. Rd1 Re8 12. d4 Bf8 13. Be3 a6 14. Nd2 exd4 15. Bxd4 Qh4 16. Be3 Ne5 17. Nf3 Qf6 18. Nxe5 dxe5 19. Na4 Qg6 20. Qf3 Be6 21. Nc5 Bxc5 22. Bxc5 f5 23. exf5 Bxf5 24. Rd6 Re6 25. Rxe6 Bxe6 26. c4 e4 27. Qe3 Rd8 28. Re1 Bf5 29. Kh1 h5 30. Qf4 Rd3 31. Re3 Kh7 1/2-1/2

[Event "ROM-ch"]
[Site "Craiova"]
[Date "2025.02.17"]
[Round "3"]
[White "Secheres, Adrian Simion"]
[Black "Craciun, Sasha Matei"]
[Result "0-1"]
[WhiteElo "2350"]
[BlackElo "2257"]
[PlyCount "66"]
[EventDate "2025.02.15"]
[EventType "swiss"]
[EventRounds "9"]
[EventCountry "ROU"]
[SourceTitle "CB09_2025"]
[SourceDate "2025.02.27"]
[SourceVersion "1"]
[SourceVersionDate "2025.02.27"]
[SourceQuality "1"]

1. d4 d5 2. c4 e6 3. Nf3 Nf6 4. Nc3 Be7 5. Bf4 0-0 6. e3 c5 7. dxc5 Bxc5 8. Qc2 Nc6 9. a3 Re8 10. b4 Be7 11. Rd1 a5 12. b5 Nb8 13. h4 Bxa3 14. h5 h6 15. g4 Bb4 16. Bd3 Nxg4 17. Rg1 Qf6 18. Rxg4 Qxc3+ 19. Kf1 Qxc2 20. Bxc2 e5 21. Nxe5 Bxg4 22. Nxg4 Nd7 23. cxd5 a4 24. Bf5 Nf8 25. d6 a3 26. d7 Red8 27. Be5 a2 28. Ke2 Ne6 29. Be4 Ra5 30. Bxb7 Rxb5 31. Ba6 Rxe5 32. Nxe5 Bc3 33. Nc6 Rxd7 0-1

[Event "Alba Iulia Final ROM GP KO 9-16"]
[Site "Alba Iulia"]
[Date "2024.11.26"]
[Round "1.1"]
[White "Sachilaru, Alexandru"]
[Black "Secheres, Adrian Simion"]
[Result "0-1"]
[WhiteElo "2305"]
[BlackElo "2350"]
[PlyCount "84"]
[EventDate "2024.11.26"]
[EventType "k.o. (rapid)"]
[EventRounds "3"]
[EventCountry "ROU"]
[SourceTitle "CB49_2024"]
[SourceDate "2024.12.04"]
[SourceVersion "1"]
[SourceVersionDate "2024.12.04"]
[SourceQuality "1"]

1. e4 Nc6 2. Nc3 e5 3. Bc4 Nf6 4. d3 Na5 5. Nge2 c6 6. 0-0 Bc5 7. a3 Nxc4 8. dxc4 a5 9. Qd3 0-0 10. Be3 Bxe3 11. Qxe3 d6 12. Rad1 Qc7 13. Rd3 Be6 14. b3 a4 15. Qc1 axb3 16. cxb3 Nd7 17. Rg3 f5 18. exf5 Bxf5 19. Rd1 Bg6 20. h4 Nf6 21. b4 Nh5 22. Rg4 Qf7 23. Qe3 Bf5 24. Rg5 h6 25. Rxf5 Qxf5 26. Ne4 Qg4 27. Rxd6 Nf4 28. Nxf4 exf4 29. Qb3 f3 30. c5+ Kh8 31. Ng3 Rae8 32. Rd1 fxg2 33. Kxg2 Rf4 34. Rd2 Ref8 35. Qe3 Qxh4 36. Re2 Qg4 37. Rd2 h5 38. b5 h4 39. bxc6 bxc6 40. Re2 hxg3 41. fxg3 Rf3 42. Qe5 Rxg3+ 0-1

[Event "Alba Iulia Final ROM GP Gp-C"]
[Site "Alba Iulia"]
[Date "2024.11.25"]
[Round "6"]
[White "Cnejev, Vladimir Alexandru"]
[Black "Secheres, Adrian Simion"]
[Result "0-1"]
[WhiteElo "2288"]
[BlackElo "2350"]
[PlyCount "102"]
[EventDate "2024.11.25"]
[EventType "tourn (rapid)"]
[EventRounds "6"]
[EventCountry "ROU"]
[EventCategory "5"]
[SourceTitle "CB49_2024"]
[SourceDate "2024.12.04"]
[SourceVersion "1"]
[SourceVersionDate "2024.12.04"]
[SourceQuality "1"]

1. e4 Nc6 2. Nf3 d6 3. d4 Nf6 4. c3 g6 5. Bd3 Bg7 6. 0-0 0-0 7. Re1 e5 8. Nbd2 a5 9. d5 Nb8 10. a4 c6 11. dxc6 bxc6 12. b4 Qc7 13. Qc2 Nbd7 14. Ba3 Rd8 15. bxa5 d5 16. Red1 Rxa5 17. exd5 cxd5 18. Bb5 e4 19. Nd4 Ne5 20. h3 Nh5 21. N2b3 Ra8 22. a5 Nf4 23. Bc5 Bxh3 24. gxh3 Nxh3+ 25. Kf1 Ng4 26. Ke2 Qf4 27. Rf1 Ngxf2 28. Nc6 Qg4+ 29. Ke1 Nd3+ 30. Bxd3 exd3 31. Qxd3 Re8+ 32. Ne7+ Kh8 33. Ra2 Nf4 34. Qf3 Qh4+ 35. Kd1 Ne6 36. Bb4 Qc4 37. Rb2 d4 38. Nd2 Qb5 39. c4 Qa4+ 40. Qb3 Qd7 41. Nd5 d3 42. Bc3 Nd4 43. Bxd4 Bxd4 44. Rb1 Rxa5 45. Qxd3 Bg7 46. Qf3 f5 47. Rh1 Ra2 48. Qb3 Qa7 49. Nf3 Qf2 50. Qd3 Rae2 51. Ra1 Bxa1 0-1

[Event "Alba Iulia Final ROM GP Gp-C"]
[Site "Alba Iulia"]
[Date "2024.11.25"]
[Round "1"]
[White "Ghimpu, Samuel Timotei"]
[Black "Secheres, Adrian Simion"]
[Result "0-1"]
[WhiteElo "2473"]
[BlackElo "2350"]
[PlyCount "110"]
[EventDate "2024.11.25"]
[EventType "tourn (rapid)"]
[EventRounds "6"]
[EventCountry "ROU"]
[EventCategory "5"]
[SourceTitle "CB49_2024"]
[SourceDate "2024.12.04"]
[SourceVersion "1"]
[SourceVersionDate "2024.12.04"]
[SourceQuality "1"]

1. Nf3 Nf6 2. d4 g6 3. Nbd2 c5 4. dxc5 Qa5 5. a3 Qxc5 6. b4 Qc7 7. Bb2 Bg7 8. e3 0-0 9. c4 d6 10. Be2 b6 11. 0-0 Bb7 12. Qb3 Nbd7 13. Rac1 Rac8 14. Qa2 Qb8 15. Rfd1 Qa8 16. Bf1 Rc7 17. Nd4 a6 18. Qa1 Rfc8 19. N4b3 d5 20. cxd5 Bxd5 21. Rxc7 Rxc7 22. f3 Qc8 23. e4 Bb7 24. Rc1 Bh6 25. Rxc7 Qxc7 26. Nc4 Bf4 27. g3 Bh6 28. Bd4 b5 29. Nca5 Nh5 30. Qc3 Qxc3 31. Bxc3 Be3+ 32. Kg2 Bc8 33. f4 Nhf6 34. Kf3 Bg1 35. Bd4 Bxd4 36. Nxd4 Nb6 37. f5 gxf5 38. exf5 Nfd5 39. Bd3 Kg7 40. Be4 h6 41. Nab3 Kf6 42. Nc5 Nc3 43. Bc2 Nc4 44. a4 bxa4 45. Nxa4 Nxa4 46. Bxa4 Bxf5 47. Nxf5 Kxf5 48. Bc2+ Ke5 49. Kg4 Ne3+ 50. Kh5 Nxc2 51. Kxh6 Nxb4 52. h4 Kf5 53. Kg7 Kg4 54. Kxf7 a5 55. Kg6 Nd3 0-1

[Event "Alba Iulia Final ROM GP Gp-C"]
[Site "Alba Iulia"]
[Date "2024.11.25"]
[Round "3"]
[White "Nedelcu, Teodor Cosmin"]
[Black "Secheres, Adrian Simion"]
[Result "0-1"]
[WhiteElo "2320"]
[BlackElo "2350"]
[PlyCount "80"]
[EventDate "2024.11.25"]
[EventType "tourn (rapid)"]
[EventRounds "6"]
[EventCountry "ROU"]
[EventCategory "5"]
[SourceTitle "CB49_2024"]
[SourceDate "2024.12.04"]
[SourceVersion "1"]
[SourceVersionDate "2024.12.04"]
[SourceQuality "1"]

1. d4 Nf6 2. c4 g6 3. Nc3 Bg7 4. e4 d6 5. Bd3 0-0 6. Nge2 Nc6 7. 0-0 Nd7 8. Be3 e5 9. d5 Nd4 10. Bxd4 exd4 11. Nb5 Nc5 12. Nbxd4 Re8 13. Qc2 Qh4 14. Nf3 Qh6 15. Rae1 Bxb2 16. Ned4 Bg4 17. Re3 Bxf3 18. Qxb2 Bg4 19. Bb1 Qg7 20. Qd2 Re7 21. Rfe1 Rae8 22. f4 Bd7 23. Nf3 Bg4 24. Nd4 Bc8 25. Nf3 Bg4 26. Nd4 Bc8 27. Nb3 Nd7 28. Qa5 Nf6 29. Qxa7 Ng4 30. R3e2 b6 31. h3 Nf6 32. Qa3 Nh5 33. Qc1 f5 34. Bd3 Qh6 35. exf5 Rxe2 36. Rxe2 Rxe2 37. Bxe2 Nxf4 38. Qe3 Qg5 39. Bg4 Bxf5 40. Qg3 Ne2+ 0-1

[Event "Alba Iulia Final ROM GP Gp-C"]
[Site "Alba Iulia"]
[Date "2024.11.25"]
[Round "4"]
[White "Secheres, Adrian Simion"]
[Black "Ghimpu, Samuel Timotei"]
[Result "0-1"]
[WhiteElo "2350"]
[BlackElo "2473"]
[PlyCount "106"]
[EventDate "2024.11.25"]
[EventType "tourn (rapid)"]
[EventRounds "6"]
[EventCountry "ROU"]
[EventCategory "5"]
[SourceTitle "CB49_2024"]
[SourceDate "2024.12.04"]
[SourceVersion "1"]
[SourceVersionDate "2024.12.04"]
[SourceQuality "1"]

1. d4 d6 2. Nf3 Nf6 3. g3 g6 4. Bg2 Bg7 5. 0-0 0-0 6. Re1 Bf5 7. c4 c6 8. Nc3 Ne4 9. Qb3 Nxc3 10. bxc3 Bc8 11. e4 Nd7 12. h3 Qc7 13. Bg5 Re8 14. a4 a5 15. Rab1 b6 16. Qc2 Ba6 17. Bf1 e6 18. Qd2 c5 19. Bf4 e5 20. Bh6 Nf6 21. Bxg7 Kxg7 22. Nh4 h6 23. Bd3 Bc8 24. Kh2 Bd7 25. Qd1 cxd4 26. cxd4 exd4 27. Nf3 Qc5 28. Qb3 Rab8 29. Qb2 Bxa4 30. Nxd4 Kg8 31. Re3 Nd7 32. Ne2 Ne5 33. Nf4 Bc6 34. Rd1 Nxd3 35. Rexd3 Bxe4 36. Rxd6 Qxc4 37. Rxb6 Rxb6 38. Qxb6 a4 39. Rd4 Qc1 40. Ng2 Qf1 41. Rxe4 Rxe4 42. Qb8+ Kg7 43. Qb2+ Kh7 44. Qf6 Qc4 45. h4 Qe6 46. Qf3 h5 47. Nf4 Qf5 48. Kg2 Rb4 49. Kh2 Rb3 50. Qc6 a3 51. Nh3 Rb2 52. Ng5+ Kg7 53. Qc3+ Qf6 0-1

[Event "Alba Iulia Final ROM GP Gp-C"]
[Site "Alba Iulia"]
[Date "2024.11.25"]
[Round "5"]
[White "Secheres, Adrian Simion"]
[Black "Nedelcu, Teodor Cosmin"]
[Result "0-1"]
[WhiteElo "2350"]
[BlackElo "2320"]
[PlyCount "128"]
[EventDate "2024.11.25"]
[EventType "tourn (rapid)"]
[EventRounds "6"]
[EventCountry "ROU"]
[EventCategory "5"]
[SourceTitle "CB49_2024"]
[SourceDate "2024.12.04"]
[SourceVersion "1"]
[SourceVersionDate "2024.12.04"]
[SourceQuality "1"]

1. d4 d5 2. c4 e6 3. Nf3 Nf6 4. Nc3 c6 5. e3 Bd6 6. Qc2 Nbd7 7. b3 Qe7 8. Be2 0-0 9. 0-0 b6 10. Bb2 Bb7 11. Rfe1 Rac8 12. e4 dxe4 13. Nxe4 Bb8 14. Bf1 Rfd8 15. Rad1 h6 16. Ng3 Nf8 17. Ne5 Qc7 18. c5 N8d7 19. b4 Nd5 20. a3 N7f6 21. Ne4 Qe7 22. Ng3 b5 23. Qe2 Qc7 24. Qf3 a5 25. Nd3 axb4 26. axb4 Qd7 27. Ne5 Qe8 28. Qb3 Bc7 29. Ra1 Ra8 30. Bd3 Rxa1 31. Bxa1 Ra8 32. Bc2 Ra4 33. Nd3 Qa8 34. Bb2 Bc8 35. Bb1 Bd7 36. Ne2 Qb8 37. g3 Ne4 38. Bc1 Qa8 39. f3 Nef6 40. Bb2 Qb8 41. Bc1 e5 42. dxe5 Bxe5 43. Bd2 Bc7 44. Nd4 Bxg3 45. hxg3 Qxg3+ 46. Kf1 Qh2 47. Nf2 Nh5 48. Ke2 Ng3+ 49. Kd1 Qxf2 50. Qd3 g6 51. Nb3 Nf5 52. Qe4 Be6 53. Qe5 Nde3+ 54. Rxe3 Nxe3+ 55. Bxe3 Bxb3+ 56. Kc1 Qe1+ 57. Kb2 Be6 58. Qb8+ Kg7 59. Bd4+ f6 60. Qc7+ Bf7 61. Bc3 Rxb4+ 62. Bxb4 Qxb4+ 63. Kc1 Qxc5+ 64. Kd2 Qb4+ 0-1

[Event "ROM-chT"]
[Site "Mamaia"]
[Date "2024.10.05"]
[Round "8.4"]
[White "Nanu, Ciprian Costica"]
[Black "Secheres, Adrian Simion"]
[Result "1-0"]
[WhiteElo "2525"]
[BlackElo "2344"]
[PlyCount "119"]
[EventDate "2024.09.28"]
[EventType "team-tourn"]
[EventRounds "9"]
[EventCountry "ROU"]
[SourceTitle "EXT 2025"]
[Source "ChessBase"]
[SourceDate "2024.10.14"]
[SourceVersion "1"]
[SourceVersionDate "2024.10.14"]
[SourceQuality "1"]
[WhiteTeam "Arad Vados"]
[BlackTeam "Timisoara Vest Univ"]
[WhiteTeamCountry "ROU"]
[BlackTeamCountry "ROU"]

1. Nf3 Nf6 2. d4 g6 3. Nbd2 Bg7 4. e4 d6 5. Bb5+ Nfd7 6. 0-0 0-0 7. Re1 e5 8. dxe5 Nxe5 9. Nxe5 dxe5 10. a4 Qe7 11. Qe2 Rd8 12. a5 c6 13. Bc4 Nd7 14. Nf3 Nf8 15. Ng5 Be6 16. Nxe6 Nxe6 17. Bxe6 Qxe6 18. Be3 Bf8 19. h3 Bb4 20. c3 Be7 21. Red1 h5 22. Qc2 Qc4 23. Rxd8+ Bxd8 24. Ra4 Qe6 25. Ra1 Qc4 26. b3 Qe6 27. c4 Bc7 28. Qd2 Qe7 29. a6 Rd8 30. Qc2 b6 31. Rd1 Kf8 32. Rxd8+ Qxd8 33. b4 Qd7 34. b5 c5 35. Bc1 Bd8 36. Bb2 Qd6 37. Qc3 Qd4 38. Qc2 Qd6 39. g3 h4 40. Kg2 hxg3 41. fxg3 Bg5 42. Bc3 Be3 43. Qe2 Bd4 44. Bd2 Qe6 45. h4 Kg8 46. Bg5 Kg7 47. g4 Kh7 48. Kg3 f6 49. Bc1 Qf7 50. Bd2 Qe6 51. Qf1 Qf7 52. h5 gxh5 53. Qf5+ Kg7 54. gxh5 Qxc4 55. Qg6+ Kh8 56. Qxf6+ Kh7 57. Qg6+ Kh8 58. Bg5 Qd3+ 59. Kg4 Qe2+ 60. Kf5 1-0

[Event "ROM-chT"]
[Site "Mamaia"]
[Date "2024.10.03"]
[Round "6.5"]
[White "Secheres, Adrian Simion"]
[Black "Tugui, Adrian"]
[Result "1-0"]
[WhiteElo "2344"]
[BlackElo "2326"]
[PlyCount "77"]
[EventDate "2024.09.28"]
[EventType "team-tourn"]
[EventRounds "9"]
[EventCountry "ROU"]
[SourceTitle "EXT 2025"]
[Source "ChessBase"]
[SourceDate "2024.10.14"]
[SourceVersion "1"]
[SourceVersionDate "2024.10.14"]
[SourceQuality "1"]
[WhiteTeam "Timisoara Vest Univ"]
[BlackTeam "Craiova Oltenia"]
[WhiteTeamCountry "ROU"]
[BlackTeamCountry "ROU"]

1. d4 Nf6 2. c4 c5 3. d5 g6 4. Nc3 Bg7 5. e4 d6 6. h3 0-0 7. Nf3 e6 8. Be2 exd5 9. exd5 Bf5 10. g4 Be4 11. 0-0 Bxf3 12. Bxf3 Nbd7 13. Bg5 a6 14. a4 Re8 15. Qd2 Qe7 16. Rae1 Qf8 17. Bh4 h6 18. Bg3 Rxe1 19. Rxe1 Re8 20. Rf1 Ne5 21. Be2 Ned7 22. Qc2 Qe7 23. Bd1 Nh7 24. Kg2 Nhf6 25. f3 b6 26. Qd2 Qf8 27. Bc2 Ne5 28. b3 Ned7 29. h4 Nh7 30. Ne4 Be5 31. f4 Bd4 32. f5 Rxe4 33. Bxe4 g5 34. f6 Ndxf6 35. Bf5 gxh4 36. Bf4 h5 37. Bh6 Qe7 38. g5 Ng4 39. g6 1-0

[Event "Arad op 17th"]
[Site "Arad"]
[Date "2024.08.06"]
[Round "2"]
[White "Secheres, Adrian Simion"]
[Black "Nasuta, Grzegorz"]
[Result "1/2-1/2"]
[WhiteElo "2342"]
[BlackElo "2533"]
[PlyCount "32"]
[EventDate "2024.08.05"]
[EventType "swiss"]
[EventRounds "9"]
[EventCountry "ROU"]
[SourceTitle "CBM 221 Extra"]
[Source "ChessBase"]
[SourceDate "2024.09.30"]
[SourceVersion "1"]
[SourceVersionDate "2024.09.30"]
[SourceQuality "1"]

1. d4 d5 2. c4 e6 3. Nf3 c6 4. e3 f5 5. Bd3 Nf6 6. 0-0 Bd6 7. b3 Qe7 8. a4 a5 9. Ba3 Bxa3 10. Nxa3 0-0 11. Qe2 b6 12. Rfc1 Bb7 13. cxd5 Nxd5 14. Ne5 c5 15. dxc5 bxc5 16. Bb5 Na6 1/2-1/2

[Event "Timisoara Foisor Memorial Rapid"]
[Site "Timisoara"]
[Date "2024.08.04"]
[Round "5"]
[White "Korobov, Anton"]
[Black "Secheres, Adrian Simion"]
[Result "1/2-1/2"]
[WhiteElo "2648"]
[BlackElo "2342"]
[PlyCount "78"]
[EventDate "2024.08.03"]
[EventType "swiss (rapid)"]
[EventRounds "9"]
[EventCountry "ROU"]
[SourceTitle "CBM 221 Extra"]
[Source "ChessBase"]
[SourceDate "2024.09.30"]
[SourceVersion "1"]
[SourceVersionDate "2024.09.30"]
[SourceQuality "1"]

1. d4 Nf6 2. c4 g6 3. Nc3 Bg7 4. e4 d6 5. Nf3 0-0 6. h3 e5 7. d5 Nh5 8. g3 a5 9. Be3 f5 10. exf5 gxf5 11. Ng5 Nf6 12. Qc2 Na6 13. a3 Qe7 14. Be2 Nc5 15. Rd1 Bd7 16. b4 axb4 17. axb4 Na4 18. Nb5 h6 19. Ne6 Bxe6 20. dxe6 f4 21. gxf4 exf4 22. Bxf4 Ne8 23. Be3 Qxe6 24. Rg1 Kh8 25. Nd4 Qxh3 26. Bg4 Qh2 27. Rg3 Nf6 28. Nf3 Qxg3 29. fxg3 Nxg4 30. Bf4 Nc3 31. Qg6 Rae8+ 32. Kf1 Nxd1 33. Kg2 Nde3+ 34. Kh3 Nf2+ 35. Kh2 Re7 36. Nh4 Nfg4+ 37. Kh3 Nf2+ 38. Kh2 Nfg4+ 39. Kh3 Nf2+ 1/2-1/2

[Event "Timisoara Foisor Memorial Rapid"]
[Site "Timisoara"]
[Date "2024.08.04"]
[Round "8"]
[White "Secheres, Adrian Simion"]
[Black "Poltorak, Sebastian"]
[Result "1-0"]
[WhiteElo "2342"]
[BlackElo "2397"]
[PlyCount "39"]
[EventDate "2024.08.03"]
[EventType "swiss (rapid)"]
[EventRounds "9"]
[EventCountry "ROU"]
[SourceTitle "CBM 221 Extra"]
[Source "ChessBase"]
[SourceDate "2024.09.30"]
[SourceVersion "1"]
[SourceVersionDate "2024.09.30"]
[SourceQuality "1"]

1. d4 Nf6 2. c4 e6 3. Nf3 Bb4+ 4. Bd2 Qe7 5. g3 Bxd2+ 6. Qxd2 d5 7. b3 0-0 8. Bg2 Ne4 9. Qb2 Nd7 10. 0-0 c6 11. Nbd2 Ndf6 12. Ne5 Nxd2 13. Qxd2 Nd7 14. Nf3 a5 15. Rac1 Re8 16. Rfe1 a4 17. b4 dxc4 18. Rxc4 e5 19. dxe5 Nxe5 20. Nxe5 1-0

[Event "Timisoara Foisor Memorial Rapid"]
[Site "Timisoara"]
[Date "2024.08.04"]
[Round "6"]
[White "Secheres, Adrian Simion"]
[Black "Tamas, Christian Arrydan"]
[Result "1-0"]
[WhiteElo "2342"]
[BlackElo "2118"]
[PlyCount "63"]
[EventDate "2024.08.03"]
[EventType "swiss (rapid)"]
[EventRounds "9"]
[EventCountry "ROU"]
[SourceTitle "CBM 221 Extra"]
[Source "ChessBase"]
[SourceDate "2024.09.30"]
[SourceVersion "1"]
[SourceVersionDate "2024.09.30"]
[SourceQuality "1"]

1. d4 Nf6 2. Nf3 e6 3. c4 c5 4. d5 d6 5. Nc3 exd5 6. cxd5 g6 7. Nd2 Bg7 8. e4 0-0 9. Be2 Na6 10. 0-0 Nc7 11. a4 Re8 12. Kh1 b6 13. f3 Rb8 14. Nc4 Ba6 15. Bg5 Qd7 16. Qd2 Bxc4 17. Bxc4 a6 18. Rfe1 b5 19. Bf1 bxa4 20. Rxa4 Rb6 21. Rea1 Reb8 22. R1a2 Qc8 23. e5 Nfe8 24. e6 fxe6 25. dxe6 Kh8 26. e7 Qb7 27. Qf4 Ne6 28. Qf7 N8c7 29. Bf6 Rg8 30. Rh4 d5 31. Qxg6 Ng5 32. Bd3 1-0

[Event "Timisoara Foisor Memorial Rapid"]
[Site "Timisoara"]
[Date "2024.08.03"]
[Round "4"]
[White "Secheres, Adrian Simion"]
[Black "Eletskikh, Alexandr"]
[Result "1-0"]
[WhiteElo "2342"]
[BlackElo "2231"]
[PlyCount "65"]
[EventDate "2024.08.03"]
[EventType "swiss (rapid)"]
[EventRounds "9"]
[EventCountry "ROU"]
[SourceTitle "CBM 221 Extra"]
[Source "ChessBase"]
[SourceDate "2024.09.30"]
[SourceVersion "1"]
[SourceVersionDate "2024.09.30"]
[SourceQuality "1"]

1. d4 Nf6 2. Nf3 d5 3. c4 e6 4. Nc3 c5 5. cxd5 Nxd5 6. e4 Nxc3 7. bxc3 cxd4 8. cxd4 Bb4+ 9. Bd2 Bxd2+ 10. Qxd2 0-0 11. Bc4 Nd7 12. 0-0 b6 13. Rad1 Bb7 14. Rfe1 Rc8 15. Bb3 Re8 16. h3 Nf6 17. Qf4 Qc7 18. Ne5 Re7 19. Qh4 b5 20. Rd3 a5 21. Rg3 Nxe4 22. Rxe4 Bxe4 23. Qxe4 Qc1+ 24. Kh2 a4 25. Qg4 g6 26. Bd1 Rc3 27. Qh4 Rec7 28. Bf3 Qa3 29. Ng4 Qe7 30. Nf6+ Kg7 31. Qxh7+ Kxf6 32. Qh8+ Kf5 33. Qe5# 1-0

[Event "Brasov op"]
[Site "Brasov"]
[Date "2024.07.21"]
[Round "9"]
[White "Secheres, Adrian Simion"]
[Black "Vrencian, Lehel"]
[Result "1-0"]
[WhiteElo "2349"]
[BlackElo "2187"]
[PlyCount "67"]
[EventDate "2024.07.15"]
[EventType "swiss"]
[EventRounds "9"]
[EventCountry "ROU"]
[SourceTitle "CBM 221 Extra"]
[Source "ChessBase"]
[SourceDate "2024.09.30"]
[SourceVersion "1"]
[SourceVersionDate "2024.09.30"]
[SourceQuality "1"]

1. d4 Nf6 2. c4 e6 3. Nc3 Bb4 4. Qc2 c5 5. dxc5 0-0 6. a3 Bxc5 7. Bf4 Nh5 8. Bg3 Nc6 9. e3 g6 10. Be2 Nxg3 11. hxg3 Be7 12. Nf3 b6 13. g4 Ba6 14. Qe4 Bf6 15. Rc1 Rc8 16. Qf4 Bxc3+ 17. Rxc3 f6 18. b4 Bb7 19. 0-0 Qe7 20. c5 bxc5 21. Rxc5 a5 22. Rfc1 axb4 23. axb4 d6 24. R5c2 g5 25. Qc4 Ne5 26. Qd4 Rxc2 27. Rxc2 Nxf3+ 28. gxf3 e5 29. Qb6 Rf7 30. e4 d5 31. Rc5 Qd7 32. Bb5 Qe7 33. exd5 e4 34. d6 1-0

[Event "Brasov op"]
[Site "Brasov"]
[Date "2024.07.20"]
[Round "8"]
[White "Ignat, Matei Marius"]
[Black "Secheres, Adrian Simion"]
[Result "1/2-1/2"]
[WhiteElo "2099"]
[BlackElo "2349"]
[PlyCount "83"]
[EventDate "2024.07.15"]
[EventType "swiss"]
[EventRounds "9"]
[EventCountry "ROU"]
[SourceTitle "CBM 221 Extra"]
[Source "ChessBase"]
[SourceDate "2024.09.30"]
[SourceVersion "1"]
[SourceVersionDate "2024.09.30"]
[SourceQuality "1"]

1. e4 e5 2. Nf3 Nc6 3. Bb5 a6 4. Ba4 d6 5. d4 b5 6. Bb3 Nxd4 7. Nxd4 exd4 8. c3 d3 9. Qxd3 Nf6 10. 0-0 Be7 11. a4 Rb8 12. axb5 axb5 13. Bf4 0-0 14. Nd2 Nd7 15. Bd5 Bf6 16. Nf3 Nc5 17. Qc2 Be6 18. Rfd1 Qc8 19. Bg5 Bxg5 20. Nxg5 Qd8 21. Nxe6 fxe6 22. b4 exd5 23. bxc5 dxe4 24. cxd6 cxd6 25. Qxe4 Qf6 26. Qd4 Rbc8 27. Qxf6 Rxf6 28. Rab1 Rxc3 29. Rxb5 Rc2 30. Rf1 Rd2 31. Rb7 h6 32. g3 Kh7 33. Rd7 Kg6 34. f4 Rf7 35. Rd8 Ra7 36. Rf2 Ra1+ 37. Kg2 Rxf2+ 38. Kxf2 Ra2+ 39. Kf3 Rxh2 40. Rxd6+ Kf7 41. Rd7+ Kf6 42. Rd6+ 1/2-1/2

[Event "Brasov op"]
[Site "Brasov"]
[Date "2024.07.19"]
[Round "7"]
[White "Secheres, Adrian Simion"]
[Black "Chen, Hongsen"]
[Result "1/2-1/2"]
[WhiteElo "2349"]
[BlackElo "2092"]
[PlyCount "85"]
[EventDate "2024.07.15"]
[EventType "swiss"]
[EventRounds "9"]
[EventCountry "ROU"]
[SourceTitle "CBM 221 Extra"]
[Source "ChessBase"]
[SourceDate "2024.09.30"]
[SourceVersion "1"]
[SourceVersionDate "2024.09.30"]
[SourceQuality "1"]

1. d4 d5 2. c4 e6 3. Nc3 Nf6 4. Nf3 c6 5. e3 Nbd7 6. Qc2 Bd6 7. b3 0-0 8. Be2 e5 9. cxd5 cxd5 10. Nb5 Bb4+ 11. Bd2 Bxd2+ 12. Nxd2 a6 13. dxe5 Nxe5 14. Nd4 Qd6 15. 0-0 Bg4 16. Bxg4 Nexg4 17. N2f3 Rac8 18. Qb2 Ne5 19. Rfd1 Nxf3+ 20. Nxf3 Rc5 21. Rac1 Rfc8 22. Rxc5 Qxc5 23. Nd4 g6 24. f3 b5 25. Rd2 Qe7 26. Rd3 Qe5 27. Rc3 Re8 28. Qc1 Kg7 29. Rc6 Nd7 30. Rc7 Nf8 31. Rc6 Ne6 32. Qc3 Nxd4 33. Qxd4 Qxd4 34. exd4 Re6 35. Rc5 Re2 36. a4 b4 37. Rxd5 Rb2 38. Ra5 Rxb3 39. Rxa6 Rd3 40. Rb6 Rxd4 41. a5 Rd1+ 42. Kf2 Ra1 43. Rxb4 1/2-1/2

[Event "Brasov op"]
[Site "Brasov"]
[Date "2024.07.18"]
[Round "6"]
[White "Bercaru, Vlad Ionut"]
[Black "Secheres, Adrian Simion"]
[Result "0-1"]
[WhiteElo "2088"]
[BlackElo "2349"]
[PlyCount "90"]
[EventDate "2024.07.15"]
[EventType "swiss"]
[EventRounds "9"]
[EventCountry "ROU"]
[SourceTitle "CBM 221 Extra"]
[Source "ChessBase"]
[SourceDate "2024.09.30"]
[SourceVersion "1"]
[SourceVersionDate "2024.09.30"]
[SourceQuality "1"]

1. d4 Nf6 2. c4 g6 3. Nc3 Bg7 4. e4 d6 5. h3 0-0 6. Be3 Nbd7 7. g4 a6 8. Qd2 c5 9. d5 b5 10. cxb5 axb5 11. Bxb5 Ba6 12. Bxa6 Rxa6 13. Nf3 Qa5 14. 0-0 Rb8 15. Rab1 Rab6 16. Qc2 Qa6 17. Rfc1 h5 18. g5 Ne8 19. a3 R6b7 20. Nd1 Nc7 21. Kg2 Nb5 22. Nd2 Nd4 23. Qc4 Qa8 24. f4 Nb3 25. Nxb3 Rxb3 26. Qc2 Qa6 27. Bf2 R8b5 28. Nc3 Rb6 29. Be1 Bd4 30. Nd1 Qb7 31. Qe2 e6 32. dxe6 fxe6 33. Bc3 Rxa3 34. Bxd4 cxd4 35. Nf2 Ra4 36. Qc2 Nc5 37. Kg1 Rb3 38. Kh2 Qf7 39. Qd2 Re3 40. f5 exf5 41. e5 Qd5 42. exd6 Qxd6+ 43. Kh1 Qf4 44. Qc2 Qf3+ 45. Kg1 Re2 0-1